| 000 | 00772nam a22002417a 4500 | ||
|---|---|---|---|
| 005 | 20170124110051.0 | ||
| 010 | _a994261 | ||
| 020 | _c00.00 | ||
| 035 | _a994261 | ||
| 037 | _bCen Lib/Ret | ||
| 040 |
_aDPL _bEN |
||
| 082 |
_a658.15 _bMOH |
||
| 100 |
_aMohammad Mohsin _925492 |
||
| 245 |
_aCorporation finance / _cby Mohammad Mohsin [and] Khan Masood Ahmad |
||
| 260 |
_aNew Delhi _bTata McGraw-Hill Publishing Company Limited _c1980 |
||
| 270 |
_a12/4, Asaf Ali Road _bNew Delhi _e110002 |
||
| 300 |
_axii,403p. : _c24cm(Hb) _bill. |
||
| 500 | _aIncludes bibliographical references and index. | ||
| 650 |
_aMangement _925493 |
||
| 650 |
_aFinance management _925494 |
||
| 700 |
_a Khan Masood Ahmad _925488 |
||
| 942 |
_2ddc _cEN _h658.15 _mMOH |
||
| 999 |
_c129126 _d129126 |
||